000
00472nam a2200145Ia 4500
008
100122s9999 xx 000 0 und d
082
_b
36854
_a
928
100
_a
बेडेकर विश्रांम
245
_a
एक झाड दोन पक्षी
260
_b
गोपाल मोकाशी
_c
1984
300
_a
315
630
_a
एक झाड दोन पक्षी
730
_a
एक झाड दोन पक्षी
942
_c
BOOK
999
_c
419455
_d
419452